Functions of several variables
Na minha lista:
| Autor principal: | |
|---|---|
| Formato: | Livro |
| Idioma: | inglês |
| Publicado em: |
Nueva York
Springer-Verlag
1977
|
| Edição: | 2a. ed |
| Colecção: | Undergraduate Texts in Mathematics
|
| Assuntos: | |
| Tags: |
Adicionar Tag
Sem tags, seja o primeiro a adicionar uma tag!
|
MARC
| LEADER | 00000nam a2200000 a 4500 | ||
|---|---|---|---|
| 001 | UCP0768 | ||
| 003 | CL-VaPUC | ||
| 008 | 990319e19770000US |||||||||||||||||eng|d | ||
| 082 | 0 | 4 | |a 515.84 |b FLE |2 21 |
| 100 | 0 | |a Fleming, Wendell Helms |e author |9 426289 | |
| 245 | 1 | 0 | |a Functions of several variables |
| 250 | |a 2a. ed | ||
| 300 | |a 411 p | ||
| 942 | |c BK | ||
| 945 | |d 19990319 00:00:00 |a crobeson | ||
| 260 | |a Nueva York |b Springer-Verlag |c 1977 | ||
| 650 | 0 | |a Funciones de variables reales |9 304566 | |
| 650 | 0 | |a Cálculo diferencial |9 260102 | |
| 650 | 0 | |a Cálculo integral |9 260103 | |
| 583 | |a last modification |c 19990319 00:00:00 |k Rodrigo Vera | ||
| 490 | 0 | |a Undergraduate Texts in Mathematics | |
| 999 | |c 279515 |d 279513 | ||
| 952 | |0 0 |1 0 |4 0 |6 515_840000000000000_FLE_1977 |7 0 |8 A |9 319069 |a BIBMAT |b BIBMAT |d 2019-11-20 |i 1330179 |o 515.84 FLE 1977 |p 1330179 |r 2025-01-07 |w 2019-11-20 |y BK |k MAT | ||